000 00259nas a2200121Ia 4500
008 230918c99999999xx |||||||||||| ||und||
040 _aMAIN
041 _aEnglish
245 0 _aIndian Archives
260 _bIndia Archives
500 _aIndia
942 _cBV
999 _c233522
_d233522